000
00315nam a2200121Ia 4500
008
210430s9999 xx 000 0 und d
082
_a
530 J451M
100
_a
Jefferson Brian
_9
54976
245
_a
Advanced Maths For AQA Mechanics
_c
Jefferson Brian
260
_a
oxford
_c
2011
300
_a
182p
942
_c
BK
_2
ddc
999
_c
565908
_d
565908